000 00500nam a2200193Ia 4500
005 20241010035417.0
008 240331s9999 xx 000 0 und d
020 _a0415067413
082 _bNEW
_a820
245 0 _aNew feminist discourses :
_bcritical essays on theories and Texts
260 _aLondon
_bRoutledge
_c1992
300 _ax, 371 p .,
650 _aFeminist
650 _aEnglish Literature
650 _aHistory
650 _aSex Role
700 _aArmstrong, I.
_eedt
942 _cL
999 _c3167
_d3167